Tics en las Pymes de Centroamérica: impacto de la adopción de las tecnologías de la información y la comunicación en el desempeño de las empresas
Uloženo v:
| Hlavní autoři: | , , |
|---|---|
| Médium: | Kniha |
| Jazyk: | španělština |
| Vydáno: |
Cartago
Tecnológica
2005
|
| Vydání: | 1a. ed |
| Témata: | |
| Tagy: |
Přidat tag
Žádné tagy, Buďte první, kdo vytvoří štítek k tomuto záznamu!
|
MARC
| LEADER | 00000nam a2200000 a 4500 | ||
|---|---|---|---|
| 001 | UCK7721 | ||
| 003 | CL-VaPUC | ||
| 008 | 051202e20050000CR |||||||||||||||||spa|d | ||
| 020 | |a 997766174X | ||
| 082 | 0 | 4 | |a 338.642 |b MON |2 21 |
| 100 | |a Monge-Gonzalez, Ricardo |e autor |9 497296 | ||
| 700 | 0 | |a Alfaro-Azofeita, Cindy |e author |9 497297 | |
| 700 | 0 | |a Alfaro-Chamberlain, José I |e author |9 497298 | |
| 245 | 1 | 0 | |a Tics en las Pymes de Centroamérica: impacto de la adopción de las tecnologías de la información y la comunicación en el desempeño de las empresas |
| 250 | |a 1a. ed | ||
| 300 | |a 267 p | ||
| 942 | |c BK | ||
| 945 | |d 20051202 00:00:00 |a jtorresc | ||
| 260 | |a Cartago |b Tecnológica |c 2005 | ||
| 650 | 0 | |a Tecnología de la información |9 254825 | |
| 650 | 0 | |a Competitividad |9 308495 | |
| 650 | 0 | |a Globalización |9 361930 | |
| 650 | 7 | |a PYMES |2 CL-VaPUC |9 497299 | |
| 650 | 0 | |a Administración de empresas |9 260833 | |
| 651 | 0 | |a Costa Rica |9 225304 | |
| 651 | 7 | |a EL SALVADOR |2 CL-VaPUC |9 257726 | |
| 651 | 0 | |a Guatemala |9 258335 | |
| 651 | 7 | |a HONDURAS |2 CL-VaPUC |9 257740 | |
| 651 | 7 | |a NICARAGUA |2 CL-VaPUC |9 255394 | |
| 583 | |a last modification |c 20051202 00:00:00 |k Rodrigo Vera | ||
| 999 | |c 315571 |d 315569 | ||
| 952 | |0 0 |1 0 |4 0 |6 338_642000000000000_MON_2005 |7 0 |8 A |9 388941 |a BIBENE |b BIBENE |d 2019-11-22 |i 418839K |o 338.642 MON 2005 |p 418839K |r 2025-01-15 |w 2019-11-22 |y BK |k ICO | ||